<?xml version="1.0" encoding="UTF-8"?>
<collection xmlns="http://www.loc.gov/MARC21/slim">
 <record>
  <leader>02012nam a2200313 a 4500</leader>
  <controlfield tag="001">1/15509</controlfield>
  <controlfield tag="008">990316s2001    gr       b    00010 gre  </controlfield>
  <datafield tag="020" ind1=" " ind2=" ">
   <subfield code="a">9600802130</subfield>
  </datafield>
  <datafield tag="035" ind1=" " ind2=" ">
   <subfield code="l">16008</subfield>
  </datafield>
  <datafield tag="040" ind1=" " ind2=" ">
   <subfield code="a">GR-PeUP</subfield>
  </datafield>
  <datafield tag="090" ind1=" " ind2=" ">
   <subfield code="a">949.7103 ΓIA</subfield>
  </datafield>
  <datafield tag="100" ind1="1" ind2=" ">
   <subfield code="a">Γιαλλουρίδης, Χριστόδουλος Κ.,</subfield>
   <subfield code="d">1949-</subfield>
  </datafield>
  <datafield tag="245" ind1="1" ind2="0">
   <subfield code="a">Κόσοβο :</subfield>
   <subfield code="b">η εικόνα του πολέμου. Όψεις σύγχρονου μιλιταριστικού ανθρωπισμού /</subfield>
   <subfield code="c">Χρ. Κ. Γιαλλουρίδης, Βιβή Διαμ. Κεφάλα ; πρόλογος Δημήτρης Θ. Τσάτσος.</subfield>
  </datafield>
  <datafield tag="260" ind1=" " ind2=" ">
   <subfield code="a">Αθήνα :</subfield>
   <subfield code="b">Σιδέρης Ι.,</subfield>
   <subfield code="c">2001.</subfield>
  </datafield>
  <datafield tag="300" ind1=" " ind2=" ">
   <subfield code="a">332 σ. :</subfield>
   <subfield code="b">εικ. ;</subfield>
   <subfield code="c">22 εκ.</subfield>
  </datafield>
  <datafield tag="490" ind1="1" ind2=" ">
   <subfield code="a">Βιβλιοθήκη Διεθνών και Ευρωπαϊκών Μελετών ;</subfield>
  </datafield>
  <datafield tag="504" ind1=" " ind2=" ">
   <subfield code="a">Περιέχει βιβλιογραφίες.</subfield>
  </datafield>
  <datafield tag="651" ind1=" " ind2="4">
   <subfield code="a">Κοσσυφοπέδιο (Σερβία)</subfield>
   <subfield code="x">Ιστορία</subfield>
   <subfield code="x">Ειδησεογραφική κάλυψη</subfield>
   <subfield code="x">Εμφύλιος πόλεμος</subfield>
   <subfield code="y">1998-1999Ελλάδα.</subfield>
  </datafield>
  <datafield tag="651" ind1=" " ind2="4">
   <subfield code="a">Κοσσυφοπέδιο (Σερβία)</subfield>
   <subfield code="x">Ιστορία</subfield>
   <subfield code="x">Εμφύλιος Πόλεμος</subfield>
   <subfield code="y">1998-</subfield>
  </datafield>
  <datafield tag="651" ind1=" " ind2="0">
   <subfield code="a">Kosovo (Serbia)</subfield>
   <subfield code="x">History</subfield>
   <subfield code="y">Civil War(1998- )</subfield>
  </datafield>
  <datafield tag="651" ind1=" " ind2="0">
   <subfield code="a">Kosovo (Serbia)</subfield>
   <subfield code="x">History</subfield>
   <subfield code="x">Press coverage</subfield>
   <subfield code="x">Civil war</subfield>
   <subfield code="y">1998-1999Greece.</subfield>
  </datafield>
  <datafield tag="700" ind1="1" ind2=" ">
   <subfield code="a">Κεφαλά, Βιβή.</subfield>
  </datafield>
  <datafield tag="700" ind1="1" ind2=" ">
   <subfield code="a">Τσάτσος, Δημήτρης Θ.,</subfield>
   <subfield code="d">1933-2010.</subfield>
  </datafield>
  <datafield tag="830" ind1=" " ind2=" ">
   <subfield code="a">Βιβλιοθήκη Διεθνών και Ευρωπαϊκών Μελετών.</subfield>
  </datafield>
  <datafield tag="852" ind1=" " ind2=" ">
   <subfield code="a">INST</subfield>
   <subfield code="b">UNIPILB</subfield>
   <subfield code="c">MAIN</subfield>
   <subfield code="e">20150901</subfield>
   <subfield code="h">949.7103 ΓIA</subfield>
   <subfield code="p">00173369</subfield>
   <subfield code="q">00173369</subfield>
   <subfield code="t">LOAN</subfield>
   <subfield code="y">0</subfield>
   <subfield code="4">2</subfield>
  </datafield>
  <datafield tag="852" ind1=" " ind2=" ">
   <subfield code="a">INST</subfield>
   <subfield code="b">UNIPILB</subfield>
   <subfield code="c">MAIN</subfield>
   <subfield code="e">20150901</subfield>
   <subfield code="h">949.7103 ΓIA</subfield>
   <subfield code="p">00173370</subfield>
   <subfield code="q">00173370</subfield>
   <subfield code="t">LOAN</subfield>
   <subfield code="y">0</subfield>
   <subfield code="4">5</subfield>
  </datafield>
  <datafield tag="852" ind1=" " ind2=" ">
   <subfield code="a">INST</subfield>
   <subfield code="b">UNIPILB</subfield>
   <subfield code="c">MAIN</subfield>
   <subfield code="e">20150901</subfield>
   <subfield code="h">949.7103 ΓIA</subfield>
   <subfield code="p">00173371</subfield>
   <subfield code="q">00173371</subfield>
   <subfield code="t">LOAN</subfield>
   <subfield code="y">0</subfield>
   <subfield code="4">4</subfield>
  </datafield>
  <datafield tag="852" ind1=" " ind2=" ">
   <subfield code="a">INST</subfield>
   <subfield code="b">UNIPILB</subfield>
   <subfield code="c">MAIN</subfield>
   <subfield code="e">20150901</subfield>
   <subfield code="h">949.7103 ΓIA</subfield>
   <subfield code="p">00173372</subfield>
   <subfield code="q">00173372</subfield>
   <subfield code="t">LOAN</subfield>
   <subfield code="y">0</subfield>
   <subfield code="4">3</subfield>
  </datafield>
  <datafield tag="852" ind1=" " ind2=" ">
   <subfield code="a">INST</subfield>
   <subfield code="b">UNIPILB</subfield>
   <subfield code="c">MAIN</subfield>
   <subfield code="e">20040709</subfield>
   <subfield code="h">949.7103 ΓΙ</subfield>
   <subfield code="p">00139958</subfield>
   <subfield code="q">00139958</subfield>
   <subfield code="t">LOAN</subfield>
   <subfield code="y">0</subfield>
   <subfield code="4">1</subfield>
  </datafield>
 </record>
</collection>
